Proyecto "Aplicación de sistemas informáticos a la gestión de los Tribunales de Justicia"

Uloženo v:
Podrobná bibliografie
Korporativní autor: Pontificia Universidad Católica de Chile (Autor)
Médium: Kniha
Jazyk:španělština
Vydáno: Santiago, Chile Pontificia Universidad Católica de Chile 1986
Témata:
Tagy: Přidat tag
Žádné tagy, Buďte první, kdo vytvoří štítek k tomuto záznamu!

MARC

LEADER 00000nam a2200000 a 4500
001 UCV0118
003 CL-VaPUC
005 20210929074449.0
008 880502e19860000CL |||||||||||||||||spa|d
999 |c 208857  |d 208855 
040 |c Pontificia Universidad Católica de Valparaíso 
082 0 4 |a 340.073 PON 1986  |2 21 
110 2 |a Pontificia Universidad Católica de Chile  |e author  |9 294862 
245 1 0 |a Proyecto "Aplicación de sistemas informáticos a la gestión de los Tribunales de Justicia" 
260 |a Santiago, Chile  |b Pontificia Universidad Católica de Chile  |c 1986 
300 |a 314 páginas  
583 |a last modification  |c 20190805 04:03:01  |k Rodrigo Vera 
650 0 |a Informática jurídica  |z CHILE  |9 255009 
852 |a BIBDER 
942 |c BK  |2 ddc 
945 |d 19880502 00:00:00 
952 |0 0  |1 0  |4 0  |6 340_073000000000000_PON_1986  |7 0  |8 A  |9 183801  |a BIBDER  |b BIBDER  |d 2019-11-14  |i 2501813  |o 340.073 PON 1986  |p 2501813  |r 2023-01-25  |w 2019-11-14  |y BK  |k DER